Normal view
MARC view
- Jiménez de Cisneros y Baudín, Consuelo,
Entry Nombre Personal
001 - NUMERO DE CONTROL
- campo de control: 49990
003 - IDENTIFICADOR DE NUMERO DE CONTROL
- campo de control: DLC
005 - FECHA Y HORA DE LA ÜLTIMA TRANSACCIÓN
- campo de control: 20230914152847.0
008 - DATOS DE LONGITUD FIJA
- campo de control de longitud fija: 791107n| acannaabn |a aaa
010 ## - NÚMERO DE CONTROL DE LA BIBLIOTECA DEL CONGRESO
- Número de control LC: n 79129350
035 ## - NUMERO DE CONTROL
- Número de control: (OCoLC)oca00360849
040 ## - FUENTE DE CATALOGACIÓN
- Agencia original de catalogación: DLC
- Lenguaje de catalogación: spa
- Agencia de transcripción: DLC
- Agencia que lo modifica: OCoLC
- Agencia que lo modifica: MX-MxUPN
053 #0 - NÚMERO DE CLASIFICACIÓN LC
- Número de clasificación elemento-número único o número inicial de tramo: PQ6660 I57
100 1# - ENCABEZAMIENTO - NOMBRE PERSONAL
- Nombre personal: Jiménez de Cisneros y Baudín, Consuelo,
- Fechas asociadas con el nombre: 1956-
400 1# - VEÁSE - NOMBRE DE PERSONA
- Personal name: Cisneros y Baudín, Consuelo,
- Dates associated with a name: 1956-
670 ## - FUENTE EN LA QUE SE LOCALIZARON DATOS
- Cita de la fuente: Con las manos alzadas, 1977:
- Información localizada: portada (Consuelo Jiménez de Cisneros y Baudín) solapa (nació en Alicante, España, 5/24/56)
670 ## - FUENTE EN LA QUE SE LOCALIZARON DATOS
- Cita de la fuente: Aún quedan piratas en la costa de la muerte, 2006:
- Información localizada: portada (Consuelo Jiménez de Cisneros)
902 ## - CATALOGADOR
- Catalogador: Víctor Ruiz/140923
